Sm︢ulas do TST comentadas

Bibliographic Details
Main Author: Augusto de Vita Borges de Sales, Fernando
Format: Book
Language:Portuguese
Published: Sô Paulo LTR Editora 2015
Subjects:
Online Access:Acceso restringido

MARC

LEADER 00000nam a22000007a 4500
005 20160111095529.0
007 cr|z|| ||u|
008 160111s bl ||||| |||| 00||0 por d
020 |a 978-85-361-8488-3 
035 |a 13004 
040 |a vLex 
090 |c 5773  |d 5773 
100 1 |a Augusto de Vita Borges de Sales, Fernando  
245 1 0 |a Sm︢ulas do TST comentadas  |h [Recurso electrn̤ico] /  |c Fernando Augusto de Vita Borges de Sales 
256 |a Servicio en ln̕ea  
260 |a Sô Paulo   |b LTR Editora  |c 2015 
300 |a 1 recurso electrn̤ico 
506 1 |a Contenido solo disponible en los productos indicados  |d vLex Global  |d vLex Global (Academic Edition, excluding Law Schools)  |d vLex Global (U.S. Academic Edition, Law Schools)  |d vLex Global (U.S. Academic Edition, excluding Law Schools)  |d vLex Global (Academic Edition, Law Schools) 
650 0 4 |a Derecho  |z Sô Paulo  
740 0 |a vLex libros (servicio en ln̕ea) 
856 4 0 |u http://vlex.com/source/sumulas-tst-comentadas-13004  |z Acceso restringido 
942 |c BOOK 
999 0 |a Law